| 000 | 00745nam a2200253 a 4500 | ||
|---|---|---|---|
| 001 | BRCA_6472 | ||
| 005 | 20190320205453.0 | ||
| 008 | 240911s19??----fr-a######---#000-0#fre-# | ||
| 041 | _afre | ||
| 044 | _afr | ||
| 050 | 4 |
_aND588 _b.D86 19?? |
|
| 245 | 1 | 0 |
_aDurer _bl´oeuvre du maitre, tableaux - gravures sur cuivre, gravures sur bois |
| 260 |
_aParis _bHachette [19??] |
||
| 300 |
_axxix, 416 p. _bil. _c26 cm. |
||
| 440 | 0 |
_aNouvelle collection des classiques de l´art _916157 |
|
| 500 | _aM72 | ||
| 600 | 1 | 4 |
_aDurer, Albrecht _d1471-1528 _948 |
| 650 | 1 | 4 |
_aPintores alemanes _9797 |
| 650 | 1 | 4 |
_aPinturas alemanas _910386 |
| 650 | 1 | 4 |
_aGrabadores alemanes _97216 |
| 650 | 1 | 4 |
_aGrabados alemanes _916158 |
| 902 | _aGFM | ||
| 942 |
_2lcc _cB |
||
| 999 |
_c6156 _d6156 |
||